Detalles MARC
| 000 -LEADER |
| longitud fija campo de control |
02381nam a22005297a 4500 |
| 003 - IDENTIFICADOR DE NUMERO DE CONTROL |
| control del campo |
AR-RoUNA |
| 005 - FECHA DE LA ULTIMA MODIFICACION |
| control del campo |
20251013091006.0 |
| 008 - CAMPO DE CONTROL - LIBROS |
| longitud fija campo de control |
251008b |||||||| |||| 00| 0 spa d |
| 020 ## - INTERNATIONAL STANDARD BOOK NUMBER |
| ISBN |
9789507223389 |
| 040 ## - ORIGEN DE LA CATALOGACION |
| Agencia que cataloga la obra original |
AR-RoUNA |
| Idioma en que se cataloga |
spa |
| Entidad que modifico el registro |
AR-RoUNA |
| 041 ## - CODIGO DE IDIOMA |
| Codigo de idioma del texto / sonido o titulo separado |
spa |
| Codigo de idioma de la traduccion original y / o intermedios de texto |
ger |
| 044 ## - CODIGO DE PAIS / ENTIDAD PRODUCTORA |
| Codigo MARC del pais |
ag |
| 100 1# - ASIENTO PRINCIPAL - NOMBRE PERSONAL |
| Nombre personal |
Kandinsky, Wassily |
| Fechas asociadas con el nombre |
1866-1944 |
| 9 (RLIN) |
654 |
| 245 10 - TITULO PROPIAMENTE DICHO |
| Titulo |
Sobre lo espiritual en el arte / |
| Mencion de responsabilidad, etc |
Wassily Kandinsky; traduccion al español por Melina Trento |
| 246 ## - VARIANTE DE TITULO |
| Titulo propiamente dicho / titulo corto |
Uber das Geistige in der Kunst |
| 250 ## - MENCION DE EDICION |
| Edicion declarada |
4a. ed. |
| 260 ## - EDITORIAL - PUBLICACION, DISTRIBUCION, ETC. (Pie de imprenta) |
| Lugar de publicacion, distribucion, etc |
Buenos Aires: |
| Nombre del editor, distribuidor, etc |
Andromeda, |
| Fecha de publicacion |
2012 |
| 300 ## - DESCRIPCION FISICA |
| Extension |
142 p.: |
| Dimensiones |
20x13 cm |
| 505 0# - NOTA DE CONTENIDO CON FORMATO |
| Título |
INDICE |
| 505 0# - NOTA DE CONTENIDO CON FORMATO |
| Título |
Análisis del contexto e introducción a la obra. p. 9 |
| 505 0# - NOTA DE CONTENIDO CON FORMATO |
| Título principal |
La personalidad en palabras. p.14 |
| 505 0# - NOTA DE CONTENIDO CON FORMATO |
| Título |
Apuntes sobre el autor. p. 16 |
| 505 0# - NOTA DE CONTENIDO CON FORMATO |
| Título principal |
Un líder polémico en el arte bolchevique. p. 16 |
| 505 0# - NOTA DE CONTENIDO CON FORMATO |
| Título principal |
Distorsiones sensoriales fundamentales. p. 18 |
| 505 0# - NOTA DE CONTENIDO CON FORMATO |
| Título principal |
Hoja de ruta para la lectura de este libro. p. 21 |
| 505 0# - NOTA DE CONTENIDO CON FORMATO |
| Título |
Kandinsky o la devastación de la materia. p. 25 |
| 505 0# - NOTA DE CONTENIDO CON FORMATO |
| Título |
Introducción. p. 29 |
| 505 0# - NOTA DE CONTENIDO CON FORMATO |
| Título |
I. El movimiento. p. 37 |
| 505 0# - NOTA DE CONTENIDO CON FORMATO |
| Título |
II. El viraje en el rumbo espiritual. p. 43 |
| 505 0# - NOTA DE CONTENIDO CON FORMATO |
| Título |
III. La piramide. p. 59 |
| 505 0# - NOTA DE CONTENIDO CON FORMATO |
| Título |
IV. Los efectos del color. p. 63 |
| 505 0# - NOTA DE CONTENIDO CON FORMATO |
| Título |
V. El idioma de las formas y los colores. p. 69 |
| 505 0# - NOTA DE CONTENIDO CON FORMATO |
| Título |
VI. Teoría. p. 111 |
| 505 0# - NOTA DE CONTENIDO CON FORMATO |
| Título |
VII. La obra de arte y el artista. p. 127 |
| 505 0# - NOTA DE CONTENIDO CON FORMATO |
| Título |
Epilogo. p. 133 |
| 520 3# - NOTA DE RESUMEN |
| Nota de resumen, etc. |
Sobre lo espiritual en el arte condensa las premisas fundamentales que conducen al rumbo de la representación abstracta. El texto declara la hegemonía del espíritu en el arte y, desde esa certeza, desprende el desmantelamiento de la realidad tangible y positiva. EL libro se enuncia como teoría sustentadora del movimiento pictórico que deslumbraría al siglo XX: la abstracción como atributo trascendente y expresión auténtica del espíritu. Es un manifiesto intuitivo, tejido por la ebullición que en los albores del siglo precedía los virajes del arte. |
| 650 #4 - MATERIA - TERMINO TEMATICO |
| Término temático general |
Arte |
| 650 #4 - MATERIA - TERMINO TEMATICO |
| Término temático general |
Pintura |
| General subdivision |
Color |
| 650 #4 - MATERIA - TERMINO TEMATICO |
| Término temático general |
Lenguaje de las formas |
| 650 #4 - MATERIA - TERMINO TEMATICO |
| Término temático general |
Filosofia |
| General subdivision |
Teoria |
| 700 ## - ENTRADA SECUNDARIA - NOMBRES PERSONALES |
| Nombre personal |
Trento, Meliana |
| Función |
tr. |
| 9 (RLIN) |
27451 |
| 908 ## - SOPORTE |
| Soporte |
Imp |
| 930 ## - ACCESION |
| Numero de accesion (NR) |
12261 |
| 942 ## - FUENTE DE CLASIFICACION |
| Clasificacion |
Dewey Decimal Classification |
| Tipo de item |
Libro |
| 945 ## - INFORMACION DE PROCESAMIENTO |
| Codigo del operador |
MIA |
| Fecha de ingreso o modificacion |
2025-10-08 |
| 980 ## - DECLARACIÓN DE EQUIVALENCIA O SERIE DE REFERENCIA CRUZADA - NOMBRE / TÍTULO PERSONAL [LOCAL, CANADÁ] |
| Código del operador |
1 |
| Nombre del operador |
Maricel Allasia |
| Código del operador que modifico el registro |
5 |
| Nombre del operador que modifico el registro |
María Machado |